| 000 | 00666nam a2200229Ia 4500 | ||
|---|---|---|---|
| 003 | OSt | ||
| 005 | 20260303120844.0 | ||
| 008 | 210210b1956 xxu||||| |||| 00| 0 eng d | ||
| 040 | _cAL | ||
| 041 | _aHindi | ||
| 082 | _a862/107 | ||
| 100 |
_aSINHA (Dinkar R) _dरामधारी सिंह 'दिनकर' _9257456 |
||
| 245 |
_aSamskriti ke chaar adhyay _bसंस्कृति के चार अध्याय |
||
| 260 |
_aDelhi _bRajpal & Sons _c1956 |
||
| 650 |
_aSamskriti _9257457 |
||
| 650 |
_ake _9257458 |
||
| 650 |
_achAr _9257459 |
||
| 650 |
_aadhyAy _9257460 |
||
| 690 |
_aHindi Prose _9257461 |
||
| 906 | _a023350 | ||
| 942 |
_2ddc _cBK |
||
| 999 |
_c148319 _d148319 |
||